Les enfants anormaux : guide pour l'admission des Enfants anormaux dans les classes de Perfectionnement
Αποθηκεύτηκε σε:
| Κύριος συγγραφέας: | |
|---|---|
| Άλλοι συγγραφείς: | |
| Μορφή: | Βιβλίο |
| Γλώσσα: | French |
| Δημοσίευση: |
Paris :
A. Colin,
1922
|
| Θέματα: | |
| Ετικέτες: |
Προσθήκη ετικέτας
Δεν υπάρχουν, Καταχωρήστε ετικέτα πρώτοι!
|
MARC
| LEADER | 00000cam a2200000 i 4500 | ||
|---|---|---|---|
| 001 | 1/68259 | ||
| 008 | 150303s1922 fre d | ||
| 035 | |l 10121321 | ||
| 040 | |a GR-MY-UA |b gre |e aacr | ||
| 041 | 0 | |a fre | |
| 082 | 0 | |a 371.9 |2 (23) | |
| 100 | 1 | |a Binet, Alfred, |d 1857-1911. | |
| 245 | 1 | 4 | |a Les enfants anormaux : |b guide pour l'admission des Enfants anormaux dans les classes de Perfectionnement / |c par Alfred Binet, D Th. Simon ; avec une preface de Leon Bourgeois, senateur |
| 260 | |a Paris : |b A. Colin, |c 1922 | ||
| 300 | |a xi, 211 σ.; |c 19 εκ. | ||
| 500 | |a Στο recto αρ. 308. | ||
| 650 | 0 | 0 | |a Children with mental disabilities |x Education. |
| 700 | 1 | |a Simon, Théodore, |d 1873-1961. | |
| 852 | |a INST |b SAMOS |c PORFYRIADA |e 20150303 |h 371.9 BIN |p 005300041878 |q 005300041878 |t NOLOAN |y 23 | ||
| 901 | |a BIBL3-2015-1 | ||
| 909 | |a Σ |b 191919 | ||
| 970 | |a ΣΙΤΖΙΜΗ |b ΓΙΑΣΕΜΗ |z 2015/03/03 | ||